<?xml version="1.0" encoding="UTF-8"?>
<record
    xmlns:xsi="http://www.w3.org/2001/XMLSchema-instance"
    xsi:schemaLocation="http://www.loc.gov/MARC21/slim http://www.loc.gov/standards/marcxml/schema/MARC21slim.xsd"
    xmlns="http://www.loc.gov/MARC21/slim">

  <leader>00785nam a2200229Ia 4500</leader>
  <controlfield tag="003">OSt</controlfield>
  <controlfield tag="005">20250917094425.0</controlfield>
  <controlfield tag="008">210719s2014    xx            000 0 und d</controlfield>
  <datafield tag="040" ind1=" " ind2=" ">
    <subfield code="c">AL</subfield>
  </datafield>
  <datafield tag="041" ind1=" " ind2=" ">
    <subfield code="a">Tulu</subfield>
  </datafield>
  <datafield tag="082" ind1=" " ind2=" ">
    <subfield code="a">T894.3 UGGK</subfield>
  </datafield>
  <datafield tag="100" ind1=" " ind2=" ">
    <subfield code="a">UGGAPPA POOJARY Ed</subfield>
    <subfield code="d">&#xC89;&#xC97;&#xCCD;&#xC97;&#xCAA;&#xCCD;&#xCAA; &#xCAA;&#xCC2;&#xC9C;&#xCBE;&#xCB0;&#xCBF; </subfield>
    <subfield code="9">238997</subfield>
  </datafield>
  <datafield tag="245" ind1=" " ind2=" ">
    <subfield code="a">Kateklena podike; ajji pandina kusal kateklu</subfield>
    <subfield code="b">&#xC95;&#xCA4;&#xCC6;&#xC95;&#xCCD;&#xCB2;&#xCC6;&#xCA8; &#xCAA;&#xCCA;&#xCA1;&#xCBF;&#xC95;&#xCC6;; &#xC85;&#xC9C;&#xCCD;&#xC9C;&#xCBF; &#xCAA;&#xCBE;&#xC82;&#xCA1;&#xCBF;&#xCA8; &#xC95;&#xCC1;&#xCB8;&#xCB2;&#xCCD; &#xC95;&#xCA4;&#xCC6;&#xC95;&#xCCD;&#xCB2;&#xCC1;  </subfield>
  </datafield>
  <datafield tag="250" ind1=" " ind2=" ">
    <subfield code="a">2</subfield>
  </datafield>
  <datafield tag="260" ind1=" " ind2=" ">
    <subfield code="a">Mangaluru</subfield>
    <subfield code="b">Svayam prakatanalaya</subfield>
    <subfield code="c">2014</subfield>
  </datafield>
  <datafield tag="300" ind1=" " ind2=" ">
    <subfield code="a">viii,68</subfield>
    <subfield code="b">PB</subfield>
  </datafield>
  <datafield tag="365" ind1=" " ind2=" ">
    <subfield code="b">40</subfield>
    <subfield code="c">Rs</subfield>
  </datafield>
  <datafield tag="650" ind1=" " ind2=" ">
    <subfield code="a">Tulu Fiction</subfield>
    <subfield code="9">238998</subfield>
  </datafield>
  <datafield tag="650" ind1=" " ind2=" ">
    <subfield code="a">Tulu Literature</subfield>
    <subfield code="9">238999</subfield>
  </datafield>
  <datafield tag="906" ind1=" " ind2=" ">
    <subfield code="a">ajji ; Kateklena ; kateklu ; kusal ; pandina ; podike</subfield>
  </datafield>
  <datafield tag="942" ind1=" " ind2=" ">
    <subfield code="2">ddc</subfield>
    <subfield code="c">BK</subfield>
  </datafield>
  <datafield tag="999" ind1=" " ind2=" ">
    <subfield code="c">211844</subfield>
    <subfield code="d">211844</subfield>
  </datafield>
  <datafield tag="952" ind1=" " ind2=" ">
    <subfield code="0">0</subfield>
    <subfield code="1">0</subfield>
    <subfield code="4">0</subfield>
    <subfield code="7">0</subfield>
    <subfield code="8">Tulu</subfield>
    <subfield code="a">AL</subfield>
    <subfield code="b">AL</subfield>
    <subfield code="d">2021-02-24</subfield>
    <subfield code="e">Navakarnataka Publication Pvt Ltd., Mangalore | General Annual</subfield>
    <subfield code="g">40.00</subfield>
    <subfield code="l">0</subfield>
    <subfield code="o">T894.3 UGGK</subfield>
    <subfield code="p">074658</subfield>
    <subfield code="r">2021-07-19 00:00:00</subfield>
    <subfield code="v">32.00</subfield>
    <subfield code="w">2021-07-19</subfield>
    <subfield code="y">BK</subfield>
  </datafield>
</record>
